ბათუმის შოთა რუსთაველის სახელმწიფო უნივერსიტეტის ბიბლიოთეკა

Romantik : (ბიბ.ჩანაწერი № 62140)

000 -LEADER
fixed length control field 00853nam a22002057a 4500
005 - DATE AND TIME OF LATEST TRANSACTION
control field 20240723103426.0
008 - FIXED-LENGTH DATA ELEMENTS--GENERAL INFORMATION
fixed length control field 240723s2015 ge ||||| |||| 00| 0 ger d
020 ## - INTERNATIONAL STANDARD BOOK NUMBER
International Standard Book Number 9783476025975 X
041 ## - LANGUAGE CODE
Language code of text/sound track or separate title ger
080 ## - UNIVERSAL DECIMAL CLASSIFICATION NUMBER
Universal Decimal Classification number 821.112.1 K-82
100 ## - MAIN ENTRY--PERSONAL NAME
Personal name Detlef Kremer
Dates associated with a name Author
9 (RLIN) 22898
245 ## - TITLE STATEMENT
Title Romantik :
Remainder of title Lehrbuch Germanistik /
Statement of responsibility, etc. Detlef Kremer, Andreas B. Kilcher
250 ## - EDITION STATEMENT
Edition statement 4. aktualisierte Auflage,
264 ## - PRODUCTION, PUBLICATION, DISTRIBUTION, MANUFACTURE, AND COPYRIGHT NOTICE
Place of production, publication, distribution, manufacture Stuttgart:
Name of producer, publisher, distributor, manufacturer Verlag,
Date of production, publication, distribution, manufacture, or copyright notice 2015.
300 ## - PHYSICAL DESCRIPTION
Extent x, 344 pages
Other physical details 23 cm.
653 ## - INDEX TERM--UNCONTROLLED
keyword 1700-1899 Criticism, interpretation, etc German literature German literature 18th century History and criticism German literature 18th century Themes, motives
653 ## - INDEX TERM--UNCONTROLLED
keyword გერმანული ლიტერატურა,რომანტიზმი
700 ## - ADDED ENTRY--PERSONAL NAME
Personal name Kilcher, Andreas B.
Relator term Author
9 (RLIN) 22899
942 ## - ADDED ENTRY ELEMENTS (KOHA)
Source of classification or shelving scheme
Koha item type წიგნი
ეგზემპლარები
Withdrawn status Lost status Source of classification or shelving scheme Damaged status Not for loan Permanent Location Current Location Shelving location Date acquired Cost, normal purchase price Full call number Barcode Date last seen Copy number Price effective from Koha item type Public note
          ბათუმის შოთა რუსთაველის სახელმწიფო უნივერსიტეტის მთავარი ბიბლიოთეკა ბათუმის შოთა რუსთაველის სახელმწიფო უნივერსიტეტის მთავარი ბიბლიოთეკა წიგნსაცავი 2024-07-23 124.00 821.112.1 K-82 68817 2024-07-23 68817 2024-07-23 წიგნი 124.00